Power in world politics / (Record no. 8841)

MARC details
000 -LEADER
fixed length control field 02442nac a22003491u 4500
010 ## - LIBRARY OF CONGRESS CONTROL NUMBER
LC control number 2007006058
020 ## - INTERNATIONAL STANDARD BOOK NUMBER
International Standard Book Number 9780415421133 (hardback)
020 ## - INTERNATIONAL STANDARD BOOK NUMBER
International Standard Book Number 0415421136 (hardback)
020 ## - INTERNATIONAL STANDARD BOOK NUMBER
International Standard Book Number 9780415421140 (pbk.)
020 ## - INTERNATIONAL STANDARD BOOK NUMBER
International Standard Book Number 0415421144 (pbk.)
020 ## - INTERNATIONAL STANDARD BOOK NUMBER
International Standard Book Number 9780203944691 (ebook)
020 ## - INTERNATIONAL STANDARD BOOK NUMBER
International Standard Book Number 0203944690 (ebook)
082 00 - DEWEY DECIMAL CLASSIFICATION NUMBER
Classification number 327.112
Item number POW
090 ## - LOCALLY ASSIGNED LC-TYPE CALL NUMBER (OCLC); LOCAL CALL NUMBER (OCLC)
-- 8841
-- 8841
100 ## - MAIN ENTRY--PERSONAL NAME
Personal name 20080729
245 00 - TITLE STATEMENT
Title Power in world politics /
Statement of responsibility, etc edited by Felix Berenskoetter and M. J. Williams.
260 ## - PUBLICATION, DISTRIBUTION, ETC. (IMPRINT)
Place of publication, distribution, etc New York :
Name of publisher, distributor, etc Routledge,2007
Date of publication, distribution, etc 2007.
300 ## - PHYSICAL DESCRIPTION
Extent 316p.;
Dimensions 24cm.
500 ## - GENERAL NOTE
General note distributer: Baccah
504 ## - BIBLIOGRAPHY, ETC. NOTE
Bibliography, etc Includes bibliographical references and index.
505 0# - FORMATTED CONTENTS NOTE
Formatted contents note Thinking about power / Felix Berenskoetter -- The concept of power : a constructivist analysis / Stefano Guzzini -- Realist conceptions of power / Brian C. Schmidt -- Structural realism and the problem of polarity and war / Joseph M. Grieco -- Power and the battle for hearts and minds : on the bluntness of soft power / Steven Lukes -- Why "soft power" isn't so soft : representational force and attraction in world politics / Janice Bially Mattern -- The power of persuasion / Richard Ned Lebow -- Contested credibility : symbolic power in British exchange rate politics / Wolf Hassdorf -- Notes on a soft power research agenda / Joseph S. Nye, Jr. -- Reflecting on normative power Europe / Thomas Diez, Ian Manners -- Empowerment among nations : a sociological perspective / Erik Ringmar -- Levels, spaces and forms of power : analyzing opportunities for change / John Gaventa -- On the transformational potential of global civil society / Ronnie D. Lipschutz -- Discourses of power : traversing the realist-postmodern divide / Jennifer Sterling-Folker, Rosemary E. Shinko -- Theory meets practice : facets of power in the war on terror / M. J. Williams.
511 ## - PARTICIPANT OR PERFORMER NOTE
Participant or performer note catalogued by: wessam
650 #0 - SUBJECT ADDED ENTRY--TOPICAL TERM
Topical term or geographic name as entry element Balance of power.
650 #0 - SUBJECT ADDED ENTRY--TOPICAL TERM
Topical term or geographic name as entry element World politics.
650 #0 - SUBJECT ADDED ENTRY--TOPICAL TERM
Topical term or geographic name as entry element International relations.
700 1# - ADDED ENTRY--PERSONAL NAME
Personal name Berenskoetter, Felix.
700 1# - ADDED ENTRY--PERSONAL NAME
Personal name Williams, Michael J.,
Titles and other words associated with a name Dr.
856 41 - ELECTRONIC LOCATION AND ACCESS
Materials specified Table of contents only
Uniform Resource Identifier <a href="http://www.loc.gov/catdir/toc/ecip0711/2007006058.html">http://www.loc.gov/catdir/toc/ecip0711/2007006058.html</a>
856 41 - ELECTRONIC LOCATION AND ACCESS
Materials specified Publisher description
Uniform Resource Identifier <a href="http://www.loc.gov/catdir/enhancements/fy0731/2007006058-d.html">http://www.loc.gov/catdir/enhancements/fy0731/2007006058-d.html</a>
942 ## - ADDED ENTRY ELEMENTS (KOHA)
Item type Book - Borrowing
Call number prefix 327.112POW
Holdings
Withdrawn status Item status Damaged status Not for loan Home library Current library Shelving location Date acquired Source of acquisition Total Checkouts Total Renewals Full call number Barcode Date last seen Date last borrowed Koha item type
        Central Library Central Library First floor 26/03/2008 Purchase 11 31 327.112POW 000010429 15/07/2025 04/09/2016 Book - Borrowing